Clasificación países mas democráticos 2021 - Estadísticas

Estadísticas generales
  • Esta prueba ha sido intentada 83 veces
  • La puntuación promedio es 20 de 28
Estadísticas de respuestas
Puesto País Puntuación % Correcto
24 España 7,94
100%
4 Suecia 9,26
95%
22 Francia 7,99
93%
15 Alemania 8,67
92%
12 Canadá 8,87
90%
6 Dinamarca 9,09
90%
26 Estados Unidos 7,85
90%
1 Noruega 9,75
89%
3 Finlandia 9,27
87%
11 Paises Bajos 8,88
87%
18 Reino Unido 8,10
87%
9 Suiza 8,90
87%
9 Australia 8,90
85%
28 Portugal 7,82
85%
5 Islandia 9,18
79%
17 Japón 8,15
79%
2 Nueva Zelanda 9,37
79%
7 Irlanda 9,00
77%
14 Luxemburgo 8,68
75%
20 Austria 8,07
72%
16 Corea del Sur 8,16
62%
27 Estonia 7,84
48%
25 Chile 7,92
39%
13 Uruguay 8,85
39%
8 Taiwan 8,99
31%
20 Costa Rica 8,07
28%
23 Israel 7,97
28%
19 Mauricio 8,08
7%
No se encontraron pruebas coincidentes
Distribución de puntuación
Porcentaje de gente con cada puntuación
Porcentaje por número respondido
Historial de tus puntuaciones
No has intentado esta prueba.